00631nam a22002057a 450000500170000001000130001702000220003003500130005203700160006504000120008108200130009324500950010626000490020127000500025030000240030050000200032465000280034465000340037270000190040620170124110214.0 aA-447801 c00.00a8185318476 aA-447801 bCen Lib/Ret aDPLbEN a9212PRI aPrime Minister Chandra Shekhar : cedited by K.L.Chanchreekbchallenges and expectations / aDelhibH.K.Publishers and Distributorsc1991 aA-1/11, Shakti Nagar ExtensionbDelhie110052 avi,296p. c21cm(Hb) aIncludes index  aPolitics and government aChandra Shekhar, -- 1927-2007 aK.L.Chanchreek